| 000 -LEADER |
| fixed length control field |
00925nam a22001817a 4500 |
| 001 - CONTROL NUMBER |
| control field |
6260 |
| 003 - CONTROL NUMBER IDENTIFIER |
| control field |
BD-DhUAP |
| 005 - DATE AND TIME OF LATEST TRANSACTION |
| control field |
20201112141342.0 |
| 008 - FIXED-LENGTH DATA ELEMENTS--GENERAL INFORMATION |
| fixed length control field |
201112s1996 bg |||| |||| 00| 0 ben d |
| 040 ## - CATALOGING SOURCE |
| Original cataloging agency |
BD-DhUAP |
| Language of cataloging |
Ben |
| Transcribing agency |
BD-DhUAP |
| Modifying agency |
BD-DhUAP |
| 082 ## - DEWEY DECIMAL CLASSIFICATION NUMBER |
| Edition number |
23 |
| Classification number |
954.14 BAN |
| 100 ## - MAIN ENTRY--PERSONAL NAME |
| Personal name |
বন্দ্যোপাধ্যায়, ব্রজেন্দ্রনাথ। |
| 245 ## - TITLE STATEMENT |
| Title |
আঠারো শতকের বাংলার নবাব- অন্ত:পুর : |
| Remainder of title |
বেগমদের কাহিনী / |
| Statement of responsibility, etc. |
ব্রজেন্দ্রনাথ বন্দ্যোপাধ্যায় ; এম. এ. কাসেম এবং সুভাষ চন্দ্র রায় কর্তৃক অনূদিত। |
| 260 ## - PUBLICATION, DISTRIBUTION, ETC. |
| Place of publication, distribution, etc. |
ঢাকা : |
| Name of publisher, distributor, etc. |
জাগৃতি, |
| Date of publication, distribution, etc. |
১৯৯৬। |
| 300 ## - PHYSICAL DESCRIPTION |
| Extent |
৬৪ পৃষ্ঠা ; |
| Dimensions |
২২ সেমি.। |
| 651 ## - SUBJECT ADDED ENTRY--GEOGRAPHIC NAME |
| Geographic name |
Banlga |
| Form subdivision |
History. |
| 942 ## - ADDED ENTRY ELEMENTS (KOHA) |
| Source of classification or shelving scheme |
|
| Koha item type |
Book |